Normal view
MARC view
- Baine, Celeste
Entry Personal Name
001 - CONTROL NUMBER
- control field: 97063
003 - CONTROL NUMBER IDENTIFIER
- control field: NUST
005 - DATE AND TIME OF LATEST TRANSACTION
- control field: 20220813165920.0
008 - FIXED-LENGTH DATA ELEMENTS
- fixed length control field: 220813|| aca||aabn | a|a d
040 ## - CATALOGING SOURCE
- Original cataloging agency: NUST
- Transcribing agency: NUST
100 ## - HEADING--PERSONAL NAME
- Personal name: Baine, Celeste
670 ## - SOURCE DATA FOUND
- Source citation: Work cat.: (NUST)0: Baine, Celeste., Is there an engineer inside you? :, c2004.
